<?xml version="1.0" encoding="UTF-8"?>
<record
    xmlns:xsi="http://www.w3.org/2001/XMLSchema-instance"
    xsi:schemaLocation="http://www.loc.gov/MARC21/slim http://www.loc.gov/standards/marcxml/schema/MARC21slim.xsd"
    xmlns="http://www.loc.gov/MARC21/slim">

  <leader>00700nam a22001577a 4500</leader>
  <controlfield tag="003">OSt</controlfield>
  <controlfield tag="005">20151130080151.0</controlfield>
  <controlfield tag="008">151130b        xxu||||| |||| 00| 0 eng d</controlfield>
  <datafield tag="040" ind1=" " ind2=" ">
    <subfield code="c">RUA</subfield>
  </datafield>
  <datafield tag="082" ind1=" " ind2=" ">
    <subfield code="a">FIS PEN 1998 B168 Or.1</subfield>
  </datafield>
  <datafield tag="100" ind1=" " ind2=" ">
    <subfield code="9">3978</subfield>
    <subfield code="a">PEN, CHHUNDY.</subfield>
  </datafield>
  <datafield tag="245" ind1=" " ind2=" ">
    <subfield code="a">the growth of polyculture under pond condition, there are ricestraw, tree branches and normal pond (&#x1794;&#x17D2;&#x179A;&#x17C0;&#x1794;&#x1792;&#x17C0;&#x1794;&#x1780;&#x17B6;&#x179A;&#x179B;&#x17BC;&#x178F;&#x179B;&#x17B6;&#x179F;&#x17CB;&#x178F;&#x17D2;&#x179A;&#x17B8;&#x1785;&#x17B7;&#x1789;&#x17D2;&#x1785;&#x17B9;&#x1798;&#x1785;&#x17C6;&#x179A;&#x17BB;&#x17C7;&#x179A;&#x179C;&#x17B6;&#x1784;&#x179F;&#x17D2;&#x179A;&#x17C7;&#x178A;&#x17B6;&#x1780;&#x17CB;&#x1785;&#x17C6;&#x1794;&#x17BE;&#x1784;&#x17BB;&#x17C6;&#x200B;&#x179F;&#x17D2;&#x179A;&#x17C7;&#x178A;&#x17B6;&#x1780;&#x17CB;&#x179F;&#x17C6;&#x179A;&#x17C7; &#x1793;&#x17B7;&#x1784; &#x179F;&#x17D2;&#x179A;&#x17C7;&#x1792;&#x1798;&#x17D2;&#x1798;&#x178F;&#x17B6;)</subfield>
  </datafield>
  <datafield tag="260" ind1=" " ind2=" ">
    <subfield code="a">Phnom Penh</subfield>
    <subfield code="b">RUA</subfield>
    <subfield code="c">1998</subfield>
  </datafield>
  <datafield tag="300" ind1=" " ind2=" ">
    <subfield code="a">70p.</subfield>
    <subfield code="b">ill.</subfield>
    <subfield code="c">29cm.</subfield>
  </datafield>
  <datafield tag="942" ind1=" " ind2=" ">
    <subfield code="2">ddc</subfield>
    <subfield code="c">FIS</subfield>
  </datafield>
  <datafield tag="999" ind1=" " ind2=" ">
    <subfield code="c">3699</subfield>
    <subfield code="d">3699</subfield>
  </datafield>
  <datafield tag="952" ind1=" " ind2=" ">
    <subfield code="0">0</subfield>
    <subfield code="1">0</subfield>
    <subfield code="2">ddc</subfield>
    <subfield code="4">0</subfield>
    <subfield code="6">FIS_PEN_1998_000000000000000_B168_OR_1</subfield>
    <subfield code="7">0</subfield>
    <subfield code="9">18391</subfield>
    <subfield code="a">LBB</subfield>
    <subfield code="b">LBB</subfield>
    <subfield code="c">B168</subfield>
    <subfield code="d">2015-11-30</subfield>
    <subfield code="o">FIS PEN 1998 B168 Or.1</subfield>
    <subfield code="p">RUA012797</subfield>
    <subfield code="r">2015-11-30</subfield>
    <subfield code="w">2015-11-30</subfield>
    <subfield code="y">FIS</subfield>
  </datafield>
  <datafield tag="952" ind1=" " ind2=" ">
    <subfield code="0">0</subfield>
    <subfield code="1">0</subfield>
    <subfield code="2">ddc</subfield>
    <subfield code="4">0</subfield>
    <subfield code="6">FIS_PEN_1998_000000000000000_B168_OR_2</subfield>
    <subfield code="7">0</subfield>
    <subfield code="9">18392</subfield>
    <subfield code="a">LBB</subfield>
    <subfield code="b">LBB</subfield>
    <subfield code="c">B168</subfield>
    <subfield code="d">2015-11-30</subfield>
    <subfield code="o">FIS PEN 1998 B168 Or.2</subfield>
    <subfield code="p">RUA012593</subfield>
    <subfield code="r">2015-11-30</subfield>
    <subfield code="w">2015-11-30</subfield>
    <subfield code="y">FIS</subfield>
  </datafield>
  <datafield tag="952" ind1=" " ind2=" ">
    <subfield code="0">0</subfield>
    <subfield code="1">0</subfield>
    <subfield code="2">ddc</subfield>
    <subfield code="4">0</subfield>
    <subfield code="6">FIS_PEN_1998_000000000000000_B168_OR_3</subfield>
    <subfield code="7">0</subfield>
    <subfield code="9">18393</subfield>
    <subfield code="a">LBB</subfield>
    <subfield code="b">LBB</subfield>
    <subfield code="c">B168</subfield>
    <subfield code="d">2015-11-30</subfield>
    <subfield code="o">FIS PEN 1998 B168 Or.3</subfield>
    <subfield code="p">RUA012525</subfield>
    <subfield code="r">2015-11-30</subfield>
    <subfield code="w">2015-11-30</subfield>
    <subfield code="y">FIS</subfield>
  </datafield>
  <datafield tag="952" ind1=" " ind2=" ">
    <subfield code="0">0</subfield>
    <subfield code="1">0</subfield>
    <subfield code="2">ddc</subfield>
    <subfield code="4">0</subfield>
    <subfield code="6">FIS_PEN_1998_000000000000000_B168_OR_4</subfield>
    <subfield code="7">0</subfield>
    <subfield code="9">18394</subfield>
    <subfield code="a">LBB</subfield>
    <subfield code="b">LBB</subfield>
    <subfield code="c">B168</subfield>
    <subfield code="d">2015-11-30</subfield>
    <subfield code="o">FIS PEN 1998 B168 Or.4</subfield>
    <subfield code="p">RUA027132</subfield>
    <subfield code="r">2015-11-30</subfield>
    <subfield code="w">2015-11-30</subfield>
    <subfield code="y">FIS</subfield>
  </datafield>
  <datafield tag="952" ind1=" " ind2=" ">
    <subfield code="0">0</subfield>
    <subfield code="1">0</subfield>
    <subfield code="2">ddc</subfield>
    <subfield code="4">0</subfield>
    <subfield code="6">FIS_PEN_1998_000000000000000_B168_OR_5</subfield>
    <subfield code="7">0</subfield>
    <subfield code="9">18395</subfield>
    <subfield code="a">LBB</subfield>
    <subfield code="b">LBB</subfield>
    <subfield code="c">B168</subfield>
    <subfield code="d">2015-11-30</subfield>
    <subfield code="o">FIS PEN 1998 B168 Or.5</subfield>
    <subfield code="p">RUA027060</subfield>
    <subfield code="r">2015-11-30</subfield>
    <subfield code="w">2015-11-30</subfield>
    <subfield code="y">FIS</subfield>
  </datafield>
  <datafield tag="952" ind1=" " ind2=" ">
    <subfield code="0">0</subfield>
    <subfield code="1">0</subfield>
    <subfield code="2">ddc</subfield>
    <subfield code="4">0</subfield>
    <subfield code="6">FIS_PEN_1998_000000000000000_B168_OR_6</subfield>
    <subfield code="7">0</subfield>
    <subfield code="9">18396</subfield>
    <subfield code="a">LBB</subfield>
    <subfield code="b">LBB</subfield>
    <subfield code="c">B168</subfield>
    <subfield code="d">2015-11-30</subfield>
    <subfield code="o">FIS PEN 1998 B168 Or.6</subfield>
    <subfield code="p">RUA027210</subfield>
    <subfield code="r">2015-11-30</subfield>
    <subfield code="w">2015-11-30</subfield>
    <subfield code="y">FIS</subfield>
  </datafield>
  <datafield tag="952" ind1=" " ind2=" ">
    <subfield code="0">0</subfield>
    <subfield code="1">0</subfield>
    <subfield code="2">ddc</subfield>
    <subfield code="4">0</subfield>
    <subfield code="6">FIS_PEN_1998_000000000000000_B168_OR_7</subfield>
    <subfield code="7">0</subfield>
    <subfield code="9">18397</subfield>
    <subfield code="a">LBB</subfield>
    <subfield code="b">LBB</subfield>
    <subfield code="c">B168</subfield>
    <subfield code="d">2015-11-30</subfield>
    <subfield code="o">FIS PEN 1998 B168 Or.7</subfield>
    <subfield code="p">RUA027205</subfield>
    <subfield code="r">2015-11-30</subfield>
    <subfield code="w">2015-11-30</subfield>
    <subfield code="y">FIS</subfield>
  </datafield>
  <datafield tag="952" ind1=" " ind2=" ">
    <subfield code="0">0</subfield>
    <subfield code="1">0</subfield>
    <subfield code="2">ddc</subfield>
    <subfield code="4">0</subfield>
    <subfield code="6">FIS_PEN_1998_000000000000000_B168_OR_8</subfield>
    <subfield code="7">0</subfield>
    <subfield code="9">18398</subfield>
    <subfield code="a">LBB</subfield>
    <subfield code="b">LBB</subfield>
    <subfield code="c">B168</subfield>
    <subfield code="d">2015-11-30</subfield>
    <subfield code="o">FIS PEN 1998 B168 Or.8</subfield>
    <subfield code="p">RUA027412</subfield>
    <subfield code="r">2015-11-30</subfield>
    <subfield code="w">2015-11-30</subfield>
    <subfield code="y">FIS</subfield>
  </datafield>
  <datafield tag="952" ind1=" " ind2=" ">
    <subfield code="0">0</subfield>
    <subfield code="1">0</subfield>
    <subfield code="2">ddc</subfield>
    <subfield code="4">0</subfield>
    <subfield code="6">FIS_PEN_1998_000000000000000_B168_OR_9</subfield>
    <subfield code="7">0</subfield>
    <subfield code="9">18399</subfield>
    <subfield code="a">LBB</subfield>
    <subfield code="b">LBB</subfield>
    <subfield code="c">B168</subfield>
    <subfield code="d">2015-11-30</subfield>
    <subfield code="o">FIS PEN 1998 B168 Or.9</subfield>
    <subfield code="p">RUA027274</subfield>
    <subfield code="r">2015-11-30</subfield>
    <subfield code="w">2015-11-30</subfield>
    <subfield code="y">FIS</subfield>
  </datafield>
  <datafield tag="952" ind1=" " ind2=" ">
    <subfield code="0">0</subfield>
    <subfield code="1">0</subfield>
    <subfield code="2">ddc</subfield>
    <subfield code="4">0</subfield>
    <subfield code="6">FIS_PEN_1998_000000000000000_B168_OR_10</subfield>
    <subfield code="7">0</subfield>
    <subfield code="9">18400</subfield>
    <subfield code="a">LBB</subfield>
    <subfield code="b">LBB</subfield>
    <subfield code="c">B168</subfield>
    <subfield code="d">2015-11-30</subfield>
    <subfield code="o">FIS PEN 1998 B168 Or.10</subfield>
    <subfield code="p">RUA027202</subfield>
    <subfield code="r">2015-11-30</subfield>
    <subfield code="w">2015-11-30</subfield>
    <subfield code="y">FIS</subfield>
  </datafield>
  <datafield tag="952" ind1=" " ind2=" ">
    <subfield code="0">0</subfield>
    <subfield code="1">0</subfield>
    <subfield code="2">ddc</subfield>
    <subfield code="4">0</subfield>
    <subfield code="6">FIS_PEN_1998_000000000000000_B168_OR_11</subfield>
    <subfield code="7">0</subfield>
    <subfield code="9">18401</subfield>
    <subfield code="a">LBB</subfield>
    <subfield code="b">LBB</subfield>
    <subfield code="c">B168</subfield>
    <subfield code="d">2015-11-30</subfield>
    <subfield code="o">FIS PEN 1998 B168 Or.11</subfield>
    <subfield code="p">RUA027271</subfield>
    <subfield code="r">2015-11-30</subfield>
    <subfield code="w">2015-11-30</subfield>
    <subfield code="y">FIS</subfield>
  </datafield>
</record>
